000 00601nam a2200229Ia 4500
003 OSt
005 20220928103237.0
006 a|||||r|||| 00| 0
007 ta
008 220927b |||||||| |||| 00| 0 eng d
024 _a49453
037 _cTextual
040 _aSDCL
_cSDCL
_beng
041 _2eng
_aeng
082 _aV3,4L:19'N4, L6
100 _aBurridge T D
_9403055
245 0 _aBritish labour and Hitler's war
260 _aLondon
_bAndre Deutsch
_c1976
300 _a206p
_ccm.
942 _hV3,4L:19'N4, L6
_cTEXL
_2CC
999 _c718853
_d718853